|
|
|
|
| LEADER |
00000nam0a2200000 4500 |
| 001 |
123145 |
| 005 |
20231101215805.0 |
| 035 |
|
|
|a (RuTPU)RU\TPU\book\133315
|
| 090 |
|
|
|a 123145
|
| 100 |
|
|
|a 20071012d1977 k y0rusy50 ca
|
| 101 |
0 |
|
|a rus
|
| 102 |
|
|
|a RU
|
| 105 |
|
|
|a a z 001zy
|
| 200 |
1 |
|
|a Гранитоиды складчатых и активизированных областей и их рудоносность
|f Институт геологии рудных месторождений, петрографии, минералогии и геохимии АН СССР ; под ред. Г. Д. Афанасьева
|
| 210 |
|
|
|a Москва
|c Наука
|d 1977
|
| 215 |
|
|
|a 259 с.
|c ил.
|
| 316 |
|
|
|5 63413507: КР-7565
|a На титульном листе владельческая подпись: «Л. Рихванов г. Томск февраль, 1978»
|
| 317 |
|
|
|5 63413507: КР-7565
|a Поступил в НТБ в 2021 г. в дар от семьи профессора ТПУ Л. П. Рихванова
|
| 320 |
|
|
|a Библиогр.: с. 247-256
|
| 330 |
|
|
|a Сборник составлен из статей, отражающих результаты многолетнего изучения авторами гранитоидов Центрального Казахстана, Западного Забайкалья и ряда других районов СССР. Большинство статей посвящено характеристике геолого-структурного положения и состава конкретных гранитоидных комплексов как основы для их формационного расчленения, петрогенетических построений и суждения о формах связи с ними оруденения. Рассмотрены особенности формирования и строения контактовых ореолов гранитных массивов. Особое внимание уделено специфике состава акцессорных минералов, отражающей условия формирования и характер рудоносности магматических комплексов.
|
| 606 |
|
|
|a Гранитоиды
|x Минералогический состав
|2 stltpush
|3 (RuTPU)RU\TPU\subj\8545
|9 35938
|
| 610 |
1 |
|
|a рудоносность
|
| 610 |
1 |
|
|a Казахстан
|
| 610 |
1 |
|
|a геология
|
| 610 |
1 |
|
|a петрография
|
| 610 |
1 |
|
|a типоморфные особенности
|
| 610 |
1 |
|
|a Библиотека Л. П. Рихванова
|
| 610 |
1 |
|
|a дары библиотеке
|
| 610 |
1 |
|
|a владельческие подписи
|
| 675 |
|
|
|a 552.321.1/.3
|v 3
|
| 702 |
|
1 |
|a Афанасьев
|b Г. Д.
|g Георгий Дмитриевич
|4 340
|
| 712 |
0 |
2 |
|a Академия наук СССР
|b Институт геологии рудных месторождений, петрографии, минералогии и геохимии
|c (Москва)
|2 stltpush
|3 (RuTPU)RU\TPU\col\11398
|9 25090
|
| 801 |
|
1 |
|a RU
|b 63413507
|c 20071012
|g PSBO
|
| 801 |
|
2 |
|a RU
|b 63413507
|c 20220616
|g PSBO
|
| 942 |
|
|
|c BK
|